000 01502nam a22001577a 4500
041 _aukr
080 _a09
090 _bОЛЕ
100 _aОлеш О. В.
245 _aГендерні відмінності мовної поведінки.
260 _aОстрог
_bКАФ
_c2004
300 _a73
520 _aРозділ 1. Гендер у мові. 1.1. Мовна поведінка. 1.2. Психологічний аспект гендерної ролі людини. 1.3. Гендер в системі суспільних відносин. 1.4. Історичне дослідження гендера в мові. Розділ 2. Особливості вербальної поведінки чоловіків та жінок. 2.1. Відмінності між словами, які називають чоловіків та жінок. 2.2. Відмінності між словами, які вживають чоловіки та жінки. Розділ 3. Невербальна комунікація як фактор конструювання гендерних ідентичностей. 3.1. Мімічні та жестові невербальні компоненти комунікації. 3.2. Невербальні компоненти комунікації, що відображають емоційні реакції людини.
_0Мовна поведінка, комунікація, гендер
650 _aResearch Papers
999 _c282553
_d282553
942 _cBK